| 000 | 00928cam a2200217 4500 | ||
|---|---|---|---|
| 001 | ABS63264 | ||
| 008 | 000000n2000 000 0 eng u | ||
| 035 | _a(Sirsi) u110223 | ||
| 100 | _aLane, N. | ||
| 245 | _aQuantum meruit | ||
| 260 | _c2000 | ||
| 490 |
_aCMS Cameron Mckenna Construction Law Bulletin _vWinter 2000, 17-19(2) |
||
| 520 | _aDiscusses the legal basis of 'quantum meruit' and situations where the contractor provides no valuation mechanism or expressly provides for the contractor to be paid a 'reasonable amount. In particular reviews the decision in"Serck Controls Ltd v Drake & Skull Engineering" and the valuation techniques to be used in assessing a reasonable sum. | ||
| 590 | _aABS | ||
| 650 | _aSERCK CONTROLS LTD V DRAKE AND SKULL ENGINEERING | ||
| 650 | _aCOSTS | ||
| 650 | _aQUANTUM MERUIT | ||
| 650 | _aCOMPARABLES | ||
| 690 | _aBUILT ENVIRONMENT-BUILDING CONTRACT FORMS | ||
| 942 | _n0 | ||
| 999 |
_c65729 _d65729 |
||